[Event "Junior Online 4NCL Division 2"]
[Site "online"]
[Date "2020.10.01"]
[Round "4.32"]
[White "Shrestha, Unnabh"]
[Black "Griffin-Young, Sebastian"]
[Result "1-0"]
[WhiteElo "1084"]
[BlackElo "1390"]
[PlyCount "67"]
[EventDate "2020.10.01"]
[WhiteTeam "East Kilbride Knights"]
[BlackTeam "Robin Hoods 1"]

1. d4 Nf6 2. Bf4 g6 3. e3 Bg7 4. c3 O-O 5. Nf3 d6 6. Bd3 Nh5 7. Bg5 h6 8. Bh4
Qe8 9. Nbd2 Qc6 10. Qc2 g5 11. Bg3 Bf6 12. O-O-O a5 13. Be4 Qa6 14. h3 Nxg3 15.
fxg3 a4 16. h4 g4 17. Ne1 a3 18. b3 Be6 19. Bf5 Bxf5 20. Qxf5 Nc6 21. Qxg4+ Kh7
22. Qe4+ Kg8 23. g4 b5 24. g5 Bg7 25. g4 b4 26. c4 e5 27. Nef3 Na5 28. gxh6
Bxh6 29. g5 Bg7 30. h5 Rae8 31. h6 exd4 32. Qh4 Bh8 33. h7+ Kg7 34. Qh6# 1-0

[Event "Junior Online 4NCL Division 2"]
[Site "online"]
[Date "2020.10.01"]
[Round "4.33"]
[White "Wood, Ethan"]
[Black "Tandon, Ashley"]
[Result "0-1"]
[WhiteElo "1375"]
[BlackElo "911"]
[PlyCount "56"]
[EventDate "2020.10.01"]
[WhiteTeam "Robin Hoods 1"]
[BlackTeam "East Kilbride Knights"]

1. e4 c6 2. d4 d5 3. e5 Bf5 4. Nf3 e6 5. Bd3 Bxd3 6. Qxd3 Qa5+ 7. Bd2 Qa6 8.
Qxa6 Nxa6 9. c3 c5 10. O-O Ne7 11. b4 cxb4 12. cxb4 Nf5 13. b5 Nc7 14. a4 a5
15. Nc3 Bb4 16. Rac1 O-O 17. Nb1 Bxd2 18. Nbxd2 Rac8 19. b6 Na6 20. Rxc8 Rxc8
21. Nb3 Rc4 22. Nxa5 Rxa4 23. Rc1 h6 24. Nb3 Rb4 25. Rc8+ Kh7 26. Rc3 Rxb6 27.
Nc5 Rb1+ 28. Ne1 Rxe1# 0-1

[Event "Junior Online 4NCL Division 2"]
[Site "online"]
[Date "2020.10.01"]
[Round "4.34"]
[White "Pardeshi, Prachi"]
[Black "Pitts, Daniel"]
[Result "1/2-1/2"]
[WhiteElo "523"]
[BlackElo "1352"]
[PlyCount "145"]
[EventDate "2020.10.01"]
[WhiteTeam "East Kilbride Knights"]
[BlackTeam "Robin Hoods 1"]

1. e4 e5 2. Nf3 Nc6 3. Bb5 d6 4. d4 Bd7 5. dxe5 Nxe5 6. Bxd7+ Nxd7 7. Nc3 h6 8.
Bf4 Ngf6 9. e5 dxe5 10. Nxe5 Nxe5 11. Qxd8+ Rxd8 12. Bxe5 Ng4 13. Bxc7 Rd7 14.
h3 Rxc7 15. hxg4 Rc4 16. f3 Bb4 17. O-O-O O-O 18. Nd5 Bd6 19. Nf6+ gxf6 20.
Rxd6 Kg7 21. Rd7 Rfc8 22. c3 b5 23. a3 a5 24. Rd3 b4 25. b3 Rxc3+ 26. Rxc3
Rxc3+ 27. Kb2 Rc5 28. a4 f5 29. Rh5 Kg6 30. Rh4 Kg5 31. Rh5+ Kg6 32. Rh2 fxg4
33. fxg4 Rg5 34. Rh4 h5 35. gxh5+ Rxh5 36. Rg4+ Rg5 37. Rxg5+ Kxg5 38. Kc2 Kg4
39. Kd3 f5 40. Ke3 f4+ 41. Kf2 Kh5 42. Kf3 Kg5 43. Ke4 Kg4 44. Ke5 Kg3 45. Ke4
Kg4 46. Ke5 f3 47. gxf3+ Kxf3 48. Kd5 Ke3 49. Kc4 Kd2 50. Kb5 Kc3 51. Kxa5 Kxb3
52. Kb5 Kc3 53. a5 b3 54. a6 b2 55. Ka5 b1=Q 56. a7 Qa2+ 57. Kb6 Qb3+ 58. Ka6
Qa4+ 59. Kb7 Qb5+ 60. Ka8 Qa5 61. Kb8 Qd8+ 62. Kb7 Qd7+ 63. Kb8 Qb5+ 64. Ka8
Qc6+ 65. Kb8 Qb6+ 66. Ka8 Qd6 67. Kb7 Kc4 68. a8=Q Qd7+ 69. Kb8 Qd6+ 70. Ka7
Qc7+ 71. Qb7 Qa5+ 72. Qa6+ Qxa6+ 73. Kxa6 1/2-1/2

[Event "Junior Online 4NCL Division 2"]
[Site "online"]
[Date "2020.10.01"]
[Round "4.35"]
[White "Madhavan, Sanjith"]
[Black "Stapleton, Dean"]
[Result "1-0"]
[WhiteElo "1466"]
[BlackElo "1457"]
[PlyCount "163"]
[EventDate "2020.10.01"]
[WhiteTeam "East Kilbride Knights"]
[BlackTeam "Robin Hoods 1"]

1. e4 e5 2. Nc3 Nf6 3. Nf3 Nc6 4. Be2 Bc5 5. Nxe5 Nxe5 6. d4 Bxd4 7. Qxd4 Nc6
8. Qd3 d6 9. Bg5 Ne5 10. Qd2 Be6 11. f4 Ned7 12. f5 Bxf5 13. exf5 h6 14. Bh4
O-O 15. O-O Re8 16. Bd3 c5 17. Rae1 Qb6 18. Kh1 d5 19. Bb5 d4 20. Rxe8+ Rxe8
21. Bxf6 Nxf6 22. Bxe8 dxc3 23. Bxf7+ Kxf7 24. Qxc3 Qd6 25. h3 Qc6 26. Re1 Nh5
27. Qc4+ Kf8 28. Qe2 Nf4 29. Qe7+ Kg8 30. Qe8+ Qxe8 31. Rxe8+ Kf7 32. Re4 Nh5
33. Kg1 g5 34. fxg6+ Kxg6 35. Re5 b6 36. Kf2 Nf6 37. Re6 Kf5 38. Rxf6+ Kxf6 39.
Kf3 Kf5 40. g4+ Ke5 41. h4 Kf6 42. Kf4 Kg6 43. Ke5 Kf7 44. Kd6 Ke8 45. Kc7 Ke7
46. Kb7 b5 47. Kxa7 b4 48. Kb6 Kd6 49. g5 hxg5 50. hxg5 b3 51. axb3 c4 52. bxc4
Ke6 53. c5 Kd7 54. c6+ Kd8 55. g6 Ke7 56. c7 Kd6 57. c8=Q Ke7 58. g7 Kd6 59.
g8=Q Ke7 60. Ka5 Kd6 61. b4 Ke7 62. b5 Kd6 63. b6 Ke7 64. b7 Kf6 65. b8=Q Ke7
66. c4 Kf6 67. c5 Ke7 68. c6 Kf6 69. Qce8 Kf5 70. c7 Kf6 71. Kb6 Kf5 72. Kc6
Kf6 73. Kd7 Kf5 74. Kd8 Kf6 75. Qgf8+ Kg5 76. Qbb5+ Kg4 77. Qbh5+ Kg3 78. c8=Q
Kg2 79. Qcd7 Kg3 80. Qdf7 Kg2 81. Qhh8 Kg3 82. Q7g8# 1-0

[Event "Junior Online 4NCL Division 2"]
[Site "online"]
[Date "2020.10.01"]
[Round "4.36"]
[White "Griffin-Young, Sebastian"]
[Black "Shrestha, Unnabh"]
[Result "0-1"]
[WhiteElo "1390"]
[BlackElo "1084"]
[PlyCount "44"]
[EventDate "2020.10.01"]
[WhiteTeam "Robin Hoods 1"]
[BlackTeam "East Kilbride Knights"]

1. c4 e6 2. Nc3 Nf6 3. g3 d5 4. cxd5 exd5 5. Bg2 Be6 6. d4 c5 7. Nf3 Nc6 8. Qa4
Qc7 9. Bg5 Be7 10. Rc1 O-O 11. Nb5 Qb6 12. Bf4 Rfc8 13. Nd6 Bxd6 14. Bxd6 cxd4
15. b3 Ne4 16. Bc5 Nxc5 17. Qa3 Qb4+ 18. Qxb4 Nxb4 19. Ng5 d3 20. a3 Nxb3 21.
Rc7 Rxc7 22. Nxe6 Rc1# 0-1

[Event "Junior Online 4NCL Division 2"]
[Site "online"]
[Date "2020.10.01"]
[Round "4.37"]
[White "Tandon, Ashley"]
[Black "Wood, Ethan"]
[Result "1-0"]
[WhiteElo "911"]
[BlackElo "1375"]
[PlyCount "85"]
[EventDate "2020.10.01"]
[WhiteTeam "East Kilbride Knights"]
[BlackTeam "Robin Hoods 1"]

1. d4 d5 2. c4 dxc4 3. e3 e6 4. Bxc4 Nc6 5. Nc3 Bb4 6. Nf3 Nf6 7. O-O O-O 8. a3
Bxc3 9. bxc3 Na5 10. Bd3 Nd5 11. e4 Nxc3 12. Qc2 Nxe4 13. Bxe4 f5 14. Bd3 b6
15. Bg5 Qd6 16. Rfe1 Bb7 17. Qe2 Rae8 18. Rac1 Nb3 19. Rc3 Nxd4 20. Nxd4 Qxd4
21. Rxc7 Qd5 22. f3 Rf7 23. Rxf7 Kxf7 24. Bc4 Qd4+ 25. Be3 Qf6 26. Qd3 Rd8 27.
Bxe6+ Kxe6 28. Bd4+ Be4 29. Qc4+ Rd5 30. Bxf6 Kxf6 31. fxe4 Re5 32. Qc3 fxe4
33. Rxe4 Kf5 34. Qxe5+ Kg6 35. Rg4+ Kf7 36. Qxg7+ Ke6 37. Qxa7 Kf5 38. Rc4 Ke5
39. Qxb6 Kf5 40. Qb5+ Ke6 41. Rc6+ Kf7 42. Qb7+ Kg8 43. Rc8# 1-0

[Event "Junior Online 4NCL Division 2"]
[Site "online"]
[Date "2020.10.01"]
[Round "4.38"]
[White "Pitts, Daniel"]
[Black "Pardeshi, Prachi"]
[Result "1-0"]
[WhiteElo "1352"]
[BlackElo "523"]
[PlyCount "97"]
[EventDate "2020.10.01"]
[WhiteTeam "Robin Hoods 1"]
[BlackTeam "East Kilbride Knights"]

1. e4 e5 2. Nf3 Nc6 3. Bc4 Nf6 4. Nc3 Bb4 5. a3 Bc5 6. d3 a6 7. b4 b5 8. bxc5
bxc4 9. dxc4 Qe7 10. Be3 Ng4 11. Nd5 Nxe3 12. Nxe7 Nxd1 13. Nxc6 dxc6 14. Rxd1
Bg4 15. h3 Bxf3 16. gxf3 O-O 17. Rd7 Rac8 18. h4 Rfd8 19. Re7 Re8 20. Rxe8+
Rxe8 21. Ke2 Rb8 22. Rd1 h6 23. Rd3 Rb2 24. Kd2 Rb7 25. Ke3 Rb2 26. Rc3 f6 27.
f4 Rb1 28. fxe5 fxe5 29. Rb3 Rh1 30. Rb7 Rh3+ 31. f3 Rxh4 32. Rxc7 Rh2 33. Rxc6
Rxc2 34. Rxa6 Rxc4 35. c6 Rc3+ 36. Kf2 g5 37. Kg3 Kg7 38. Ra7+ Kg6 39. c7 h5
40. Ra6+ Kg7 41. Ra7 Kf6 42. Rb7 Ke6 43. a4 Kd7 44. a5 Rxc7 45. a6 Rxb7 46.
axb7 Ke6 47. b8=Q Kf6 48. Qf8+ Kg6 49. Qf5+ 1-0

[Event "Junior Online 4NCL Division 2"]
[Site "online"]
[Date "2020.10.01"]
[Round "4.41"]
[White "Purushothaman, Amitesh"]
[Black "Vitvitska, Vasylyna"]
[Result "0-1"]
[WhiteElo "1360"]
[BlackElo "1120"]
[PlyCount "70"]
[EventDate "2020.10.01"]
[WhiteTeam "Warwickshire Bears D"]
[BlackTeam "St Albans Early Knights 3"]

1. d4 d5 2. c4 c6 3. Nc3 dxc4 4. e3 b5 5. a4 Bd7 6. b3 b4 7. Ne4 c3 8. Nc5 a5
9. Nxd7 Nxd7 10. Bc4 e6 11. Ne2 Ngf6 12. Qc2 Bd6 13. e4 e5 14. h3 O-O 15. O-O
Qc7 16. Bg5 h6 17. Bh4 Rfd8 18. Qd3 Re8 19. Ng3 Qb6 20. Nf5 Bc7 21. Rfd1 exd4
22. Qxd4 Qxd4 23. Rxd4 Rxe4 24. Rxe4 Nxe4 25. Ne7+ Kf8 26. Nxc6 Re8 27. Bb5 Re6
28. Nxa5 Ndc5 29. Nc4 Bf4 30. Rb1 c2 31. Rf1 c1=Q 32. Rxc1 Bxc1 33. g3 Nc3 34.
Kg2 Nxb3 35. a5 Nxb5 0-1

[Event "Junior Online 4NCL Division 2"]
[Site "online"]
[Date "2020.10.01"]
[Round "4.42"]
[White "Jardzioch, Ernest"]
[Black "Miller, Kai"]
[Result "0-1"]
[WhiteElo "992"]
[BlackElo "1382"]
[PlyCount "44"]
[EventDate "2020.10.01"]
[WhiteTeam "St Albans Early Knights 3"]
[BlackTeam "Warwickshire Bears D"]

1. e4 e5 2. Nf3 Nc6 3. Bb5 a6 4. Ba4 Nf6 5. Nc3 Bc5 6. O-O O-O 7. Bxc6 dxc6 8.
a3 Re8 9. b4 Ba7 10. d4 exd4 11. Ne2 Bg4 12. Nf4 Bxf3 13. Qxf3 Rxe4 14. c3 dxc3
15. Qxc3 Bd4 16. Qg3 Bxa1 17. Be3 Bd4 18. Rd1 Rxe3 19. Qxe3 Bxe3 20. Rxd8+ Rxd8
21. fxe3 Ne4 22. Ne2 Rd1# 0-1

[Event "Junior Online 4NCL Division 2"]
[Site "online"]
[Date "2020.10.01"]
[Round "4.43"]
[White "Sagyaman, Vassily M"]
[Black "Saporenkova, Rita"]
[Result "1-0"]
[WhiteElo "1345"]
[BlackElo "977"]
[PlyCount "119"]
[EventDate "2020.10.01"]
[WhiteTeam "Warwickshire Bears D"]
[BlackTeam "St Albans Early Knights 3"]

1. e4 e5 2. Nf3 Bc5 3. Bc4 d6 4. O-O Bg4 5. h3 Bxf3 6. Qxf3 Qf6 7. Qb3 Nc6 8.
Qxb7 Rd8 9. Qxc6+ Rd7 10. Qa8+ Rd8 11. Qc6+ Rd7 12. c3 Qg6 13. Re1 Nf6 14. d3
Nh5 15. Nd2 Nf4 16. g3 Nxh3+ 17. Kg2 Ng5 18. Nb3 Qh6 19. Bxg5 Qxg5 20. Bb5 Qe7
21. Qa8+ Qd8 22. Bxd7+ Kxd7 23. Qxd8+ Rxd8 24. Nxc5+ Ke8 25. Nb3 Rd7 26. d4
exd4 27. cxd4 Re7 28. Rad1 c6 29. e5 dxe5 30. dxe5 Kf8 31. Rd8+ Re8 32. Rxe8+
Kxe8 33. e6 fxe6 34. Rxe6+ Kd7 35. Re2 Kd6 36. f4 Kd5 37. Re7 Kd6 38. Rxg7 Kd5
39. Rxh7 Kc4 40. Rxa7 Kd5 41. f5 Ke5 42. Rf7 Kd6 43. f6 Ke6 44. Rf8 Kd7 45. a4
c5 46. Nxc5+ Kc6 47. Nb3 Kd5 48. f7 Ke6 49. a5 Ke7 50. Rc8 Kxf7 51. a6 Ke7 52.
a7 Ke6 53. a8=Q Ke5 54. Rd8 Kf5 55. Qd5+ Kf6 56. Re8 Kg7 57. Qg8+ Kh6 58. Re6+
Kh5 59. g4+ Kh4 60. Rh6# 1-0

[Event "Junior Online 4NCL Division 2"]
[Site "online"]
[Date "2020.10.01"]
[Round "4.44"]
[White "Owladi, Maya"]
[Black "Walker, Jamie"]
[Result "0-1"]
[WhiteElo "797"]
[BlackElo "1330"]
[PlyCount "30"]
[EventDate "2020.10.01"]
[WhiteTeam "St Albans Early Knights 3"]
[BlackTeam "Warwickshire Bears D"]

1. e4 e5 2. Nf3 Nc6 3. Nc3 Nf6 4. Bc4 Bc5 5. O-O O-O 6. h3 d6 7. d3 Be6 8. Bb3
Nd4 9. Be3 Nxf3+ 10. gxf3 Bxh3 11. Re1 Nh5 12. Qe2 Nf4 13. Bxf4 exf4 14. Nd5
Qg5+ 15. Kh1 Qg2# 0-1

[Event "Junior Online 4NCL Division 2"]
[Site "online"]
[Date "2020.10.01"]
[Round "4.45"]
[White "Vitvitska, Vasylyna"]
[Black "Purushothaman, Amitesh"]
[Result "0-1"]
[WhiteElo "1120"]
[BlackElo "1360"]
[PlyCount "76"]
[EventDate "2020.10.01"]
[WhiteTeam "St Albans Early Knights 3"]
[BlackTeam "Warwickshire Bears D"]

1. e4 c5 2. Nc3 e6 3. Nf3 Nc6 4. Bc4 Qc7 5. d3 Nf6 6. Be3 Be7 7. h3 O-O 8. Qd2
d6 9. O-O-O a6 10. a3 Rd8 11. g4 d5 12. exd5 exd5 13. g5 d4 14. gxf6 dxe3 15.
Qxe3 Bxf6 16. Ne4 Be5 17. Rhg1 Bf4 18. Qxf4 Qxf4+ 19. Kb1 Qxf3 20. Rdf1 Kh8 21.
h4 b5 22. Bd5 Bb7 23. c3 Rxd5 24. c4 Qxd3+ 25. Ka2 Rd4 26. Ng5 Qxc4+ 27. Kb1
Qd3+ 28. Ka2 f6 29. Nf7+ Kg8 30. Nh6+ Kf8 31. h5 gxh6 32. Rg6 hxg6 33. hxg6
Qxg6 34. f3 Qd3 35. f4 Qc4+ 36. Kb1 Qxf1+ 37. Ka2 Qc4+ 38. Kb1 Rd1# 0-1

[Event "Junior Online 4NCL Division 2"]
[Site "online"]
[Date "2020.10.01"]
[Round "4.46"]
[White "Miller, Kai"]
[Black "Jardzioch, Ernest"]
[Result "1-0"]
[WhiteElo "1382"]
[BlackElo "992"]
[PlyCount "39"]
[EventDate "2020.10.01"]
[WhiteTeam "Warwickshire Bears D"]
[BlackTeam "St Albans Early Knights 3"]

1. e4 e5 2. Nf3 Nf6 3. Nxe5 Qe7 4. Nf3 Qxe4+ 5. Be2 d5 6. Nc3 Qe6 7. O-O Bb4 8.
Re1 O-O 9. a3 Bxc3 10. dxc3 c5 11. Bc4 Qxe1+ 12. Qxe1 dxc4 13. Bg5 Re8 14. Qd2
Ne4 15. Qf4 Nxg5 16. Nxg5 f6 17. Qxc4+ Kh8 18. Nf7+ Kg8 19. Nh6+ Kf8 20. Qf7#
1-0

[Event "Junior Online 4NCL Division 2"]
[Site "online"]
[Date "2020.10.01"]
[Round "4.47"]
[White "Saporenkova, Rita"]
[Black "Sagyaman, Vassily M"]
[Result "0-1"]
[WhiteElo "977"]
[BlackElo "1345"]
[PlyCount "70"]
[EventDate "2020.10.01"]
[WhiteTeam "St Albans Early Knights 3"]
[BlackTeam "Warwickshire Bears D"]

1. e4 e5 2. Bc4 Nc6 3. Qf3 Nf6 4. d3 Bc5 5. Bg5 Be7 6. Bxf6 Bxf6 7. Qh5 O-O 8.
Nf3 d6 9. O-O Be6 10. Bxe6 fxe6 11. Nc3 d5 12. exd5 exd5 13. Nh4 Bxh4 14. Nd1
Qf6 15. Ne3 d4 16. Nd5 Qh6 17. Qxh6 gxh6 18. Rae1 Rad8 19. Nxc7 Rd7 20. Ne6 Rf6
21. Nxd4 exd4 22. Re4 Bg5 23. Rfe1 Rdf7 24. g3 Rxf2 25. h4 Be3 26. g4 Rf1+ 27.
Kg2 Rxe1 28. Kg3 Rg1+ 29. Kh3 Rf3+ 30. Kh2 Rgg3 31. Rxe3 Rxe3 32. Kh1 Re2 33.
g5 Rxc2 34. g6 Rxd3 35. h5 Rd1# 0-1

[Event "Junior Online 4NCL Division 2"]
[Site "online"]
[Date "2020.10.01"]
[Round "4.48"]
[White "Walker, Jamie"]
[Black "Owladi, Maya"]
[Result "1-0"]
[WhiteElo "1330"]
[BlackElo "797"]
[PlyCount "45"]
[EventDate "2020.10.01"]
[WhiteTeam "Warwickshire Bears D"]
[BlackTeam "St Albans Early Knights 3"]

1. e4 e5 2. Nf3 Nc6 3. Bc4 Bc5 4. d3 h6 5. O-O Nf6 6. Nc3 O-O 7. a3 d6 8. Nd5
Nxd5 9. Bxd5 Nd4 10. Nxd4 Bxd4 11. Qf3 Qg5 12. Bxg5 hxg5 13. Qg3 Bxb2 14. Rab1
Bxa3 15. Qxg5 Bc5 16. h4 Be6 17. Bxe6 fxe6 18. h5 Rf6 19. Rxb7 Raf8 20. Rxc7
Bxf2+ 21. Rxf2 Rxf2 22. Kh2 d5 23. Qxg7# 1-0

[Event "Junior Online 4NCL Division 2"]
[Site "online"]
[Date "2020.10.01"]
[Round "4.52"]
[White "Srivastava, Aditya"]
[Black "Hariharan, Shambavi"]
[Result "0-1"]
[WhiteElo "654"]
[BlackElo "1217"]
[PlyCount "136"]
[EventDate "2020.10.01"]
[WhiteTeam "Phones Juniors B"]
[BlackTeam "Maid Marians 2"]

1. e4 c6 2. d4 d5 3. exd5 cxd5 4. c4 Nf6 5. Nc3 Nc6 6. Bd3 dxc4 7. Bxc4 Bf5 8.
Be3 e6 9. a3 a6 10. Nf3 Bd6 11. h3 h6 12. Rc1 O-O 13. O-O Qc7 14. d5 exd5 15.
Nxd5 Nxd5 16. Bxd5 Qd7 17. Qd2 Ne7 18. Rfd1 Ng6 19. Bc4 Rfd8 20. Bc5 Bf4 21.
Qxd7 Rxd7 22. Rxd7 Bxd7 23. Rd1 Bc6 24. Nd4 Ba4 25. b3 Be8 26. Nf5 b5 27. Bd5
Rd8 28. Bf3 Rxd1+ 29. Bxd1 Bc1 30. Bh5 Nf4 31. Bf3 Ne6 32. Ne7+ Kh8 33. Bb4 a5
34. Bxa5 Bxa3 35. b4 Nd4 36. Bd5 Nc2 37. Bc6 Bxc6 38. Nxc6 Kg8 39. Kf1 Kf8 40.
Ke2 Ke8 41. Kd2 Kd7 42. Ne5+ Ke6 43. Nd3 Nd4 44. Nc5+ Kd5 45. Ke3 Nc2+ 46. Kd2
Nxb4 47. Nb3 Nc6 48. Bc3 Bf8 49. Kd3 Ne5+ 50. Bxe5 Kxe5 51. Nd4 b4 52. Nc6+ Kd5
53. Nd4 Bc5 54. Nc2 b3 55. Ne1 Bxf2 56. Nf3 b2 57. Kc2 Bd4 58. Ne1 Ke4 59. h4
Bf2 60. Nf3 Bd4 61. Nd2+ Kf4 62. Nf1 Bf2 63. Kxb2 Bxh4 64. Kc2 g5 65. Kd3 Bf2
66. Ke2 Ba7 67. g3+ Kg4 68. Ne3+ Bxe3 0-1

[Event "Junior Online 4NCL Division 2"]
[Site "online"]
[Date "2020.10.01"]
[Round "4.53"]
[White "Pitts, Hannah"]
[Black "Singh Rana, Abhimanyu"]
[Result "1-0"]
[WhiteElo "1022"]
[BlackElo "600"]
[PlyCount "101"]
[EventDate "2020.10.01"]
[WhiteTeam "Maid Marians 2"]
[BlackTeam "Phones Juniors B"]

1. e4 c5 2. Nf3 Nc6 3. Bc4 g6 4. a3 Nf6 5. O-O d6 6. d3 Ng4 7. h3 Nge5 8. Nxe5
dxe5 9. Qf3 Bg7 10. Qxf7+ Kd7 11. Qxg7 Rf8 12. Qxh7 Nd4 13. Nc3 Ne2+ 14. Nxe2
Rf6 15. Bg5 Rf8 16. Qxg6 b6 17. Be6+ Kc7 18. Nc3 Kc6 19. Bxc8+ e6 20. Qxe6+ Kc7
21. Ba6 Qxg5 22. Qg4 Qxg4 23. hxg4 Rf7 24. Nd5+ Kd7 25. g5 Rh8 26. g3 Rg7 27.
Nf6+ Ke7 28. Bc4 Rxg5 29. Nd5+ Kd8 30. Nf6 Rf8 31. Nh7 b5 32. Nxf8 bxc4 33.
Ne6+ Ke7 34. Nxg5 Kf6 35. Nh7+ Kg6 36. Nf8+ Kg5 37. Kg2 Kg4 38. Rh1 a6 39. Rh4+
Kg5 40. Rah1 a5 41. Ne6+ Kg6 42. Nxc5 Kg7 43. Rh5 Kg6 44. Rxe5 Kf6 45. Rd5 Kg6
46. Na4 Kf6 47. Rh6+ Ke7 48. Rxa5 Kf7 49. Ra7+ Kg8 50. Rb6 Kf8 51. Rb8# 1-0

[Event "Junior Online 4NCL Division 2"]
[Site "online"]
[Date "2020.10.01"]
[Round "4.54"]
[White "Mittal, Advik"]
[Black "Liu, Lucy"]
[Result "1/2-1/2"]
[WhiteElo "100"]
[BlackElo "887"]
[PlyCount "101"]
[EventDate "2020.10.01"]
[WhiteTeam "Phones Juniors B"]
[BlackTeam "Maid Marians 2"]

1. e4 e5 2. Nf3 Nc6 3. Bc4 Nf6 4. d3 d6 5. Bg5 Bg4 6. Bxf6 Qxf6 7. O-O Be7 8.
c3 O-O 9. h3 Bh5 10. Nbd2 Rae8 11. Qe1 d5 12. Bxd5 Rd8 13. d4 Bxf3 14. Nxf3
Rfe8 15. Qe3 exd4 16. cxd4 Nb4 17. Rac1 Nxa2 18. Bxa2 h6 19. Rxc7 Qd6 20. Rxb7
Rc8 21. e5 Qa6 22. Bd5 Red8 23. Rxe7 Rxd5 24. Rc1 Rxc1+ 25. Qxc1 Rd8 26. Qc7
Rc8 27. Qd6 Qxd6 28. exd6 Rc1+ 29. Kh2 Rc8 30. d7 Rd8 31. Ne5 f6 32. Nf7 Kf8
33. Nxd8 Kxe7 34. Nc6+ Kxd7 35. Nxa7 g6 36. g4 Ke6 37. f4 g5 38. fxg5 hxg5 39.
Kg3 Kd5 40. Nb5 Kc4 41. Na3+ Kxd4 42. Nb5+ Kc4 43. Na3+ Kb3 44. Nb5 Kxb2 45.
Nd4 Kc3 46. Ne6 Kc4 47. h4 Kd5 48. Nf8 gxh4+ 49. Kxh4 Ke5 50. g5 fxg5+ 51. Kxg5
1/2-1/2

[Event "Junior Online 4NCL Division 2"]
[Site "online"]
[Date "2020.10.01"]
[Round "4.56"]
[White "Hariharan, Shambavi"]
[Black "Srivastava, Aditya"]
[Result "1-0"]
[WhiteElo "1217"]
[BlackElo "654"]
[PlyCount "65"]
[EventDate "2020.10.01"]
[WhiteTeam "Maid Marians 2"]
[BlackTeam "Phones Juniors B"]

1. d4 Nf6 2. Bf4 e6 3. Nf3 b6 4. e3 Bb7 5. a3 d5 6. h3 Bd6 7. Bxd6 Qxd6 8. c4
dxc4 9. Bxc4 Nbd7 10. Nc3 O-O 11. Be2 h6 12. O-O e5 13. dxe5 Nxe5 14. Nxe5 Qxe5
15. Bf3 Bxf3 16. Qxf3 Rae8 17. Rab1 Ne4 18. Nxe4 Qxe4 19. Qg3 f5 20. Qxc7 Rf7
21. Qg3 f4 22. exf4 Rxf4 23. Rfe1 Qxe1+ 24. Rxe1 Rxe1+ 25. Kh2 Ree4 26. Qb3+
Kh7 27. Qd3 Kg8 28. f3 Rd4 29. Qb3+ Kh8 30. Qc2 Rc4 31. Qd3 Rcd4 32. Qa6 Rd7
33. Qc8+ 1-0

[Event "Junior Online 4NCL Division 2"]
[Site "online"]
[Date "2020.10.01"]
[Round "4.57"]
[White "Pitts, Hannah"]
[Black "Singh Rana, Abhimanyu"]
[Result "1-0"]
[WhiteElo "1022"]
[BlackElo "600"]
[PlyCount "79"]
[EventDate "2020.10.01"]
[WhiteTeam "Maid Marians 2"]
[BlackTeam "Phones Juniors B"]

1. e4 e5 2. Nf3 Nc6 3. Nc3 Bc5 4. Bc4 d6 5. h3 Nf6 6. O-O O-O 7. d3 Qe8 8. Bg5
Qe7 9. Qe2 h6 10. Be3 a6 11. Bxc5 dxc5 12. Nd5 Nxd5 13. exd5 Nd4 14. Nxd4 cxd4
15. Rfe1 f6 16. c3 Kh8 17. Qg4 Bxg4 18. hxg4 a5 19. cxd4 exd4 20. Rxe7 c6 21.
dxc6 bxc6 22. Rae1 c5 23. Rc7 g5 24. Rxc5 a4 25. Rc6 Ra7 26. Ree6 Raf7 27. Red6
Re7 28. Rxf6 Re1+ 29. Kh2 Kg7 30. Rxh6 Rxf2 31. Rhd6 Ree2 32. Rd7+ Rf7 33. Bxf7
Kf8 34. Bc4 Ke8 35. Rh7 Kd8 36. Rg6 Re8 37. Ra6 Re7 38. Rh8+ Kd7 39. Bb5+ Kc7
40. Ra7+ 1-0

[Event "Junior Online 4NCL Division 2"]
[Site "online"]
[Date "2020.10.01"]
[Round "4.58"]
[White "Liu, Lucy"]
[Black "Mittal, Advik"]
[Result "0-1"]
[WhiteElo "887"]
[BlackElo "100"]
[PlyCount "60"]
[EventDate "2020.10.01"]
[WhiteTeam "Maid Marians 2"]
[BlackTeam "Phones Juniors B"]

1. e4 e5 2. Nf3 Nc6 3. Bc4 Bc5 4. c3 d6 5. d4 exd4 6. cxd4 Bb4+ 7. Bd2 Bxd2+ 8.
Nbxd2 Bg4 9. O-O Bxf3 10. Qxf3 f6 11. d5 Nd4 12. Bb5+ Nxb5 13. Qb3 a6 14. Rfe1
b6 15. Nc4 Nd4 16. Qa4+ b5 17. Qd1 bxc4 18. Qh5+ g6 19. Qd1 Nb5 20. b3 cxb3 21.
axb3 Nc3 22. Qd4 Nb5 23. Qa4 Qd7 24. Qc4 c5 25. b4 cxb4 26. Qxb4 a5 27. Rxa5
Rxa5 28. Qxa5 Nd4 29. Qa8+ Qd8 30. Qc6+ Nxc6 0-1

[Event "Junior Online 4NCL Division 2"]
[Site "online"]
[Date "2020.10.01"]
[Round "4.61"]
[White "Rich, Aaron"]
[Black "Walker, Daniel"]
[Result "1-0"]
[WhiteElo "1615"]
[BlackElo "1322"]
[PlyCount "87"]
[EventDate "2020.10.01"]
[WhiteTeam "Hull and Friends 2"]
[BlackTeam "Robin Hoods 2"]

1. b3 c5 2. e3 d5 3. Bb2 a6 4. Nf3 Nc6 5. Be2 Bg4 6. h3 Bh5 7. Nc3 e5 8. Nxe5
Bxe2 9. Nxe2 Qf6 10. Nd3 Qd6 11. Ng3 Nf6 12. Nf4 d4 13. O-O g6 14. Re1 Ne7 15.
Nd3 Bg7 16. exd4 cxd4 17. a4 Nfd5 18. Ba3 Qc7 19. Ne4 O-O 20. Bd6 Qc6 21. Nb4
Nxb4 22. Bxb4 Rfe8 23. d3 Nd5 24. Bd2 Rac8 25. Qf3 f5 26. Ng5 h6 27. Rxe8+ Rxe8
28. Qg3 hxg5 29. Qxg5 Nc3 30. Kh1 Kf7 31. Qf4 Nd5 32. Qf3 Nc3 33. Qg3 Ne2 34.
Qh4 Qxc2 35. Bg5 Qxd3 36. Qh7 Nc3 37. Qh4 Ne4 38. Re1 Qc2 39. Rc1 Nxf2+ 40. Kh2
Qe2 41. Rc7+ Kg8 42. Bf6 Bxf6 43. Qh7+ Kf8 44. Qf7# 1-0

[Event "Junior Online 4NCL Division 2"]
[Site "online"]
[Date "2020.10.01"]
[Round "4.62"]
[White "Tomsett, Jonah"]
[Black "Wood, Philip A"]
[Result "0-1"]
[WhiteElo "1300"]
[BlackElo "1532"]
[PlyCount "72"]
[EventDate "2020.10.01"]
[WhiteTeam "Robin Hoods 2"]
[BlackTeam "Hull and Friends 2"]

1. e4 e5 2. Nf3 Nc6 3. Bc4 Bc5 4. c3 d6 5. d4 Bb6 6. dxe5 Nxe5 7. Nxe5 dxe5 8.
Qxd8+ Kxd8 9. O-O Ke7 10. Bg5+ Nf6 11. Nd2 h6 12. Bxf6+ gxf6 13. Nf3 Rg8 14.
Rad1 Bh3 15. g3 Bxf1 16. Kxf1 Rad8 17. Rxd8 Rxd8 18. a4 a6 19. h4 Rd1+ 20. Ke2
Rb1 21. b4 Rb2+ 22. Kd3 Bxf2 23. a5 Bxg3 24. Ne1 Bxe1 25. h5 Rd2+ 26. Ke3 Rd8
27. Ke2 Bxc3 28. Kf3 Bxb4 29. Kg4 Bxa5 30. Kf5 b5 31. Bf1 b4 32. Bxa6 b3 33.
Bb5 b2 34. Be2 b1=Q 35. Bg4 Qf1+ 36. Bf3 Qxf3# 0-1

[Event "Junior Online 4NCL Division 2"]
[Site "online"]
[Date "2020.10.01"]
[Round "4.63"]
[White "Meredith, Daniel"]
[Black "Keenan, Isaac"]
[Result "1-0"]
[WhiteElo "1247"]
[BlackElo "1285"]
[PlyCount "107"]
[EventDate "2020.10.01"]
[WhiteTeam "Hull and Friends 2"]
[BlackTeam "Robin Hoods 2"]

1. d4 d5 2. c4 Nc6 3. Nc3 dxc4 4. e4 e5 5. d5 Nce7 6. Bxc4 c6 7. Nf3 cxd5 8.
Bxd5 Nxd5 9. Nxd5 Be6 10. Nxe5 f6 11. Qa4+ Bd7 12. Nxd7 Qxd7 13. Qxd7+ Kxd7 14.
Bf4 Bd6 15. Bxd6 Kxd6 16. Rd1 Ke6 17. Nc7+ Ke7 18. Nxa8 Nh6 19. Nc7 Rc8 20.
Nd5+ Kf7 21. O-O Rd8 22. Nf4 g5 23. Rxd8 gxf4 24. Rfd1 Ng4 25. R1d7+ Ke6 26.
Rd6+ Ke5 27. f3 Ne3 28. R6d7 f5 29. Re7+ Kf6 30. Rxb7 Ke5 31. Rxh7 Nd1 32. Rh6
Ne3 33. Re8+ Kd4 34. Rd6+ Kc4 35. Rc8+ Kb4 36. Rd7 Nc4 37. Rxa7 Na5 38. Rb8+
Ka4 39. b3+ Ka3 40. Rxa5+ Kb2 41. Rxf5 Ka3 42. Rxf4 Kb2 43. Kf2 Ka3 44. Ke3 Kb2
45. Kd3 Ka3 46. Ra8+ Kb2 47. Rf5 Kb1 48. Rc5 Kb2 49. Rc2+ Kb1 50. e5 Ka1 51. e6
Kb1 52. e7 Ka1 53. e8=Q Kb1 54. Qe1# 1-0

[Event "Junior Online 4NCL Division 2"]
[Site "online"]
[Date "2020.10.01"]
[Round "4.64"]
[White "Humphreys, Benjamin"]
[Black "Luckhurst, Isaac"]
[Result "1-0"]
[WhiteElo "1300"]
[BlackElo "1005"]
[PlyCount "51"]
[EventDate "2020.10.01"]
[WhiteTeam "Robin Hoods 2"]
[BlackTeam "Hull and Friends 2"]

1. e4 e5 2. Nf3 Nf6 3. a3 Nc6 4. Nc3 d5 5. exd5 Nxd5 6. Bc4 Nf6 7. Ng5 Qe7 8.
Nxf7 e4 9. Nxh8 Qe5 10. Bf7+ Kd7 11. Bb3 Ne8 12. Qg4+ Kd8 13. Nf7+ Ke7 14. Nxe5
Bxg4 15. Nd5+ Kd6 16. Nxg4 Be7 17. Nxe7 Kxe7 18. O-O Rd8 19. d3 Rd6 20. dxe4
Rg6 21. f3 Nd4 22. Ne5 Rd6 23. Bg5+ Kf8 24. Rfd1 h6 25. Rxd4 Rxd4 26. Ng6# 1-0